<?xml version="1.0" encoding="UTF-8"?><?xml-stylesheet type="text/xsl" href="static/style.xsl"?><OAI-PMH xmlns="http://www.openarchives.org/OAI/2.0/" xmlns:xsi="http://www.w3.org/2001/XMLSchema-instance" xsi:schemaLocation="http://www.openarchives.org/OAI/2.0/ http://www.openarchives.org/OAI/2.0/OAI-PMH.xsd"><responseDate>2026-04-17T03:52:25Z</responseDate><request verb="GetRecord" identifier="oai:www.recercat.cat:2117/100270" metadataPrefix="marc">https://recercat.cat/oai/request</request><GetRecord><record><header><identifier>oai:recercat.cat:2117/100270</identifier><datestamp>2025-07-23T06:29:18Z</datestamp><setSpec>com_2072_1033</setSpec><setSpec>col_2072_452951</setSpec></header><metadata><record xmlns="http://www.loc.gov/MARC21/slim" xmlns:dcterms="http://purl.org/dc/terms/" xmlns:xsi="http://www.w3.org/2001/XMLSchema-instance" xmlns:doc="http://www.lyncode.com/xoai" xsi:schemaLocation="http://www.loc.gov/MARC21/slim http://www.loc.gov/standards/marcxml/schema/MARC21slim.xsd">
   <leader>00925njm 22002777a 4500</leader>
   <datafield ind2=" " ind1=" " tag="042">
      <subfield code="a">dc</subfield>
   </datafield>
   <datafield ind2=" " ind1=" " tag="720">
      <subfield code="a">García García, Daniel</subfield>
      <subfield code="e">author</subfield>
   </datafield>
   <datafield ind2=" " ind1=" " tag="260">
      <subfield code="c">2017-01</subfield>
   </datafield>
   <datafield ind2=" " ind1=" " tag="520">
      <subfield code="a">Nowadays, the high demand of data on communication systems has made essential the optimization of resources, especially in terms of spectral efficiency and responsible use of the network installation. In this thesis, a software-defined transmitter and receiver will be designed and tested in a real platform. Moreover, a Nyquist pulse will be analyzed and designed to use more efficiently the available bandwidth.</subfield>
   </datafield>
   <datafield ind2=" " ind1=" " tag="520">
      <subfield code="a">Actualmente, la alta demanda de datos en los sistemas de comunicaciones ha hecho esencial la optimización de recursos, especialmente en términos de eficiencia espectral y uso responsable de la instalación de red. En este trabajo, se diseña y se prueba un transmisor y un receptor definidos mediante software. Además, se analiza y se diseña un pulso de Nyquist para utilizar más eficientemente el ancho de banda disponible.</subfield>
   </datafield>
   <datafield ind2=" " ind1=" " tag="520">
      <subfield code="a">Actualment, l’alta demanda de dades en els sistemes de comunicacions ha fet essencial&#xd;
l’optimització de recursos, especialment en termes d’eficiència espectral i ús responsable&#xd;
de la xarxa instal·lada.&#xd;
En aquest treball, es dissenya i es prova un transmissor i un receptor definits mitjançant&#xd;
software. A més, s’analitza i es dissenya un pols de Nyquist per utilitzar més eficientment&#xd;
l’ample de banda disponible.</subfield>
   </datafield>
   <datafield tag="653" ind2=" " ind1=" ">
      <subfield code="a">Àrees temàtiques de la UPC::Enginyeria de la telecomunicació::Telecomunicació òptica</subfield>
   </datafield>
   <datafield tag="653" ind2=" " ind1=" ">
      <subfield code="a">Optical communications</subfield>
   </datafield>
   <datafield tag="653" ind2=" " ind1=" ">
      <subfield code="a">Programmable logic devices</subfield>
   </datafield>
   <datafield tag="653" ind2=" " ind1=" ">
      <subfield code="a">Signal theory (Telecommunication)</subfield>
   </datafield>
   <datafield tag="653" ind2=" " ind1=" ">
      <subfield code="a">FPGA</subfield>
   </datafield>
   <datafield tag="653" ind2=" " ind1=" ">
      <subfield code="a">Nyquist</subfield>
   </datafield>
   <datafield tag="653" ind2=" " ind1=" ">
      <subfield code="a">Senyal</subfield>
   </datafield>
   <datafield tag="653" ind2=" " ind1=" ">
      <subfield code="a">Comunicacions òptiques</subfield>
   </datafield>
   <datafield tag="653" ind2=" " ind1=" ">
      <subfield code="a">Dispositius lògics programables</subfield>
   </datafield>
   <datafield tag="653" ind2=" " ind1=" ">
      <subfield code="a">Senyal, Teoria del (Telecomunicació)</subfield>
   </datafield>
   <datafield ind2="0" ind1="0" tag="245">
      <subfield code="a">Implementación de un transceiver con pulsos de Nyquist en Fpga mediante Simulink</subfield>
   </datafield>
</record></metadata></record></GetRecord></OAI-PMH>